Statistics for Roman Numerals Quiz

Click here to take the quiz!

General Stats

  • This quiz has been taken 1,330 times
  • The average score is 9 of 10

Answer Stats

ROMANAnswer% Correct
IV4
100%
XIV14
100%
CCL250
96%
CLVII157
95%
MD1500
91%
MCXI1111
91%
MCDXXXIV1434
84%
MDCLXVI1666
82%
MDCXCVIII1698
78%
MMMMCMXCIX4999
77%

Score Distribution

Percentile by Number Answered

Percent of People with Each Score

Your Score History

You have not taken this quiz